000 00863nam a2200241Ia 4500
003 OSt
005 20220930065248.0
006 a|||||r|||| 00| 0
007 ta
008 220926b |||||||| |||| 00| 0 eng d
024 _a5371
037 _cTheses
040 _aCRL
_cCRL
_beng
041 _2eng
_aeng
100 _aPuri Rama
_994830
110 _aUniversity of Delhi. Faculty of Social Science. Department of Political Science
_9523332
245 0 _aUnited Nation efforts towards codification and progressive development of the law of the sea with special reference to India's position on limits of National jurisdication in the sea
260 _c1962
650 _aPOLITICAL SCIENCE
700 _aUniversity of Delhi. Faculty of Social Science. Department of Political Science
_9523333
942 _cDIS
_2CC
999 _c859321
_d859321